| 000 | 00638nam a2200241Ia 4500 | ||
|---|---|---|---|
| 008 | 160901s9999 xx 000 0 und d | ||
| 020 | _a1-903112-70-2 | ||
| 050 | _aComSc Z 253.532 | ||
| 050 | _b.M53R53 2002 | ||
| 100 | _aRichards, A. A. | ||
| 245 | _aBasic web pages using Publisher 2002 / | ||
| 245 | _cA. A. Richards. | ||
| 260 | _aGreat Britain : | ||
| 260 | _bPayne-Gallway Pub. Limited., | ||
| 260 | _c2002 | ||
| 300 | _a64 pages : | ||
| 300 | _bcol. ill. ; | ||
| 300 | _c30 cm. | ||
| 500 | _aIncludes index. | ||
| 650 | _aMicrosoft Publisher. | ||
| 650 | _aWeb sites -- Design. | ||
| 650 | _xDesktop publishing. | ||
| 999 |
_c300911 _d300911 |
||